GREAT CRASH 1929 (Record no. 21520)

MARC details
000 -LEADER
fixed length control field 00303nam a2200121Ia 4500
008 - FIXED-LENGTH DATA ELEMENTS--GENERAL INFORMATION
fixed length control field 240624s9999 xx 000 0 und d
041 ## - LANGUAGE CODE
Language code of text/sound track or separate title eng
082 ## - DEWEY DECIMAL CLASSIFICATION NUMBER
Classification number 338.5 GAL
100 ## - MAIN ENTRY--PERSONAL NAME
Personal name GALBRAITH JOHN KENNETH
245 ## - TITLE STATEMENT
Title GREAT CRASH 1929
260 ## - PUBLICATION, DISTRIBUTION, ETC.
Date of publication, distribution, etc. 1992
Place of publication, distribution, etc. New Delhi
Name of publisher, distributor, etc. Penguin
300 ## - PHYSICAL DESCRIPTION
Extent 222 : p. : cm. ; 19
Holdings
Withdrawn status Lost status Damaged status Not for loan Home library Current library Shelving location Date acquired Total Checkouts Full call number Barcode Date last seen Date last checked out Price effective from Koha item type
        IMTN IMTN Rack 11-B 07/22/2013 1 338.5 GAL 21520 07/19/2024 07/13/2024 06/24/2024 Books
Designed & Maintained by: LRC IMT Nagpur Contact: lrc@imtnag.ac.in© 2024. All Rights Reserved.